Engineering aspects of alkali-silica reaction (Record no. 87311)

MARC details
000 -LEADER
fixed length control field 00500cam a2200193 4500
001 - CONTROL NUMBER
control field D8851
008 - FIXED-LENGTH DATA ELEMENTS--GENERAL INFORMATION
fixed length control field 090401t1985 xxu||||| |||| 00| 0 eng d
035 ## - SYSTEM CONTROL NUMBER
System control number (Sirsi) u15793
041 ## - LANGUAGE CODE
Language code of text/sound track or separate title eng
050 ## - LIBRARY OF CONGRESS CALL NUMBER
Classification number 693.5
100 ## - MAIN ENTRY--PERSONAL NAME
Personal name Somerville, G.
245 ## - TITLE STATEMENT
Title Engineering aspects of alkali-silica reaction
260 ## - PUBLICATION, DISTRIBUTION, ETC.
Place of publication, distribution, etc. Wexham Springs, Slough
Name of publisher, distributor, etc. Cement and Concrete Association
Date of publication, distribution, etc. 1985
300 ## - PHYSICAL DESCRIPTION
Extent 7p. 30cm
350 ## - PRICE (NR) (BK AM CF MU VM SE) [OBSOLETE]
Price 0
490 ## - SERIES STATEMENT
Series statement Interim Technical Note
Volume/sequential designation 8
942 ## - ADDED ENTRY ELEMENTS (KOHA)
Suppress in OPAC 0
948 ## - LOCAL PROCESSING INFORMATION (OCLC); SERIES PART DESIGNATOR (RLIN)
c (OCLC) 04/03/1997
Holdings
Withdrawn status Lost status Source of classification or shelving scheme Damaged status Not for loan Home library Current library Shelving location Date acquired Total Checkouts Full call number Barcode Date last seen Copy number Price effective from Koha item type
    Dewey Decimal Classification     London London Pamphlets 14/09/1999   P693.5 30004773 06/08/2019 1 06/08/2019 Book